Les chatiments

Guardat en:
Dades bibliogràfiques
Autor principal: Hugo, Víctor Marie, Comte
Format: Llibre
Idioma:Undetermined
Publicat: París, Francia Le Livre de Poche 1964
Matèries:
Etiquetes: Afegir etiqueta
Sense etiquetes, Sigues el primer a etiquetar aquest registre!

MARC

LEADER 00000nam a2200000Ia 4500
008 170316s9999 xx 000 0 und d
040 |a cru BVZT 
090 |a 840 H-2ch 
100 |a Hugo, Víctor Marie, Comte 
245 |a Les chatiments 
260 |a París, Francia 
260 |b Le Livre de Poche 
260 |c 1964 
300 |a 512 páginas 
650 |a LITERATURA FRANCESA 
999 |c 7735  |d 7735 
942 |c 15 D  |h 840 H-2ch  |2 z